Variaciones / (Record no. 979)

MARC details
000 -LEADER
campo de control de longitud fija 00634nam a22001937a 4500
008 - DATOS DE LONGITUD FIJA--INFORMACIÓN GENERAL
campo de control de longitud fija 160723s2010 ck||||| |||| 00| 0 spa d
082 04 - NÚMERO DE LA CLASIFICACIÓN DECIMAL DEWEY
Número de clasificación 741
Número de ítem C157v
100 ## - ENTRADA PRINCIPAL--NOMBRE DE PERSONA
Nombre de persona Calle, Johanna.
9 (RLIN) 5303
245 10 - MENCIÓN DEL TÍTULO
Título Variaciones /
Mención de responsabilidad, etc. Johanna Calle ; textos por Cecilia Fajardo-Hill ; traducido por Manuel Kalmanovitz.
250 ## - MENCION DE EDICION
Mención de edición 1a ed.
260 ## - PUBLICACIÓN, DISTRIBUCIÓN, ETC.
Lugar de publicación, distribución, etc. Bogotá, Colombia :
Nombre del editor, distribuidor, etc. Galeria Casas Reigner,
Fecha de publicación, distribución, etc. 2010.
300 ## - DESCRIPCIÓN FÍSICA
Extensión 52 p.
653 10 - TÉRMINO DE INDIZACIÓN--NO CONTROLADO
Término no controlado Exhibiciones
653 10 - TÉRMINO DE INDIZACIÓN--NO CONTROLADO
Término no controlado Dibujo
653 10 - TÉRMINO DE INDIZACIÓN--NO CONTROLADO
Término no controlado Arte contemporáneo
653 10 - TÉRMINO DE INDIZACIÓN--NO CONTROLADO
Término no controlado Galeria Casas Riegner
700 1# - ENTRADA AGREGADA--NOMBRE PERSONAL
Nombre de persona Fajardo-Hill, Cecilia.
Término indicativo de función/relación textos.
9 (RLIN) 5304
700 1# - ENTRADA AGREGADA--NOMBRE PERSONAL
Nombre de persona Kalmanovitx, Manuel.
Término indicativo de función/relación traductor.
9 (RLIN) 5305
Holdings
Estatus retirado Estado de pérdida Fuente del sistema de clasificación o colocación Estado de daño No para préstamo Biblioteca de origen Biblioteca actual Ubicación en estantería Fecha de adquisición Total de préstamos Signatura topográfica completa Código de barras Visto por última vez Precio de reemplazo Tipo de ítem Koha
    Clasificación Decimal Dewey     Biblioteca LadoV Biblioteca LadoV   23/07/2016   741 C157v 004208 23/07/2016 23/07/2016 Material 01